| 000 | 004380000a22001690004500 | ||
|---|---|---|---|
| 003 | MACL | ||
| 005 | 20160105132537.0 | ||
| 008 | 160105b xxu||||| |||| 00| 0 eng d | ||
| 040 |
_aMACL _cMACL |
||
| 041 | _aEnglish | ||
| 082 | _a821/MER | ||
| 100 |
_aMead, G R S _923893 |
||
| 245 |
_aThe Chaldaean Oracles _bvol 1 |
||
| 260 |
_bThe Theosophical Publishing Society _c1908 _aLondon |
||
| 650 |
_aPoetry _927975 |
||
| 942 |
_cBK _k821/MER _2ddc |
||
| 999 |
_c39225 _d39225 |
||